000 00843nam a22002777a 4500
003 CHAP
005 20220329135434.0
008 971013s1922 r 00010 d
010 _a36472
011 _a37444
035 _a41564
040 _cCHAP
082 _a551.49
_bM37
110 _aMéxico. Dirección de Irrigación
_976944
245 _aInstrucciones para el desarrollo de estudios hidrológicos
260 _aMéxico, D.F. :
_bLa Dirección,
_c1922
300 _a127 p.
_b: ilus
590 _aBATCH-UPD
_b10
_c20130110
_lUCH01
_h0913
590 _aBATCH-UPD
_b10
_c20130410
_lUCH01
_h0537
590 _aBATCH-UPD
_b10
_c20130914
_lUCH01
_h1614
590 _aCONVERSION
_b10
_c20130109
_lUCH01
_h1320
650 1 4 _aHidrología.
_955257
901 _aBK
942 _cLIBRO
949 _a551.49 M37
_bBC
_cBPP
_d-95217
_eBPP
_h66528
_i41564
_si
999 _c36472
_d36472